Género y Trabajo
Salvato in:
| Ente Autore: | |
|---|---|
| Natura: | testo |
| Pubblicazione: |
San José:
OIT
|
| Soggetti: | |
| Tags: |
Aggiungi Tag
Nessun Tag, puoi essere il primo ad aggiungerne!!
|
MARC
| LEADER | 00000 a a2200000 04500 | ||
|---|---|---|---|
| 001 | 26783 | ||
| 003 | |||
| 040 | |||
| 090 | |a 149700 | ||
| 110 | |a OIT | ||
| 245 | |a Género y Trabajo | ||
| 260 | |a San José: |b OIT | ||
| 300 | |a 70 p; Módulo n. 1 |b il. | ||
| 650 | |a MUJERES | ||
| 650 | |a DISCRIMINACION BASADA EN EL GENERO | ||
| 650 | |a RELACIONES DE GENERO | ||
| 650 | |a INDUSTRIA DE ENSAMBLAJE | ||
| 650 | |a CONDICIONES DE TRABAJO | ||
| 650 | |a TRABAJADORAS | ||
| 650 | |a TRABAJO | ||
| 650 | |a INDUSTRIA DE ENSAMBLAJE | ||
| 650 | |a TRABAJADORAS | ||
| 650 | |a TRABAJADORES | ||
| 999 | |c 2241 |d 2241 | ||
